LEADER 01380nam0-2200433li-450 001 990000160670203316 005 20180312154818.0 010 $a0-471-92625-6 035 $a0016067 035 $aUSA010016067 035 $a(ALEPH)000016067USA01 035 $a0016067 100 $a2001990121990-------y0itay0103----ba 101 0 $aeng 102 $aGB 200 1 $aLogic, programming and Prolog$fUlf Nilsson and Jan Maluszynski 210 $aChichester [etc.]$cJohn Wiley & Sons$dcopyr. 1990 215 $aXIV, 289 p.$cill.$d25 cm 610 1 $alinguaggio prolog 610 1 $aprogrammazione (informatica) 676 $a0051$9Programmazione. Tecnica di sviluppo dei programmi 700 1$aNilsson,$bUlf$0747157 702 1$aMaluszynski,$bJan 801 $aSistema bibliotecario di Ateneo dell' Università di Salerno$gRICA 912 $a990000160670203316 951 $a005.1 NIL$b0012580$c005.1$d00106412 951 $a005.1 NIL$b6152 Ing$c005.1 959 $aBK 969 $aSCI 969 $aTEC 979 $c19901210 979 $c20001110$lUSA01$h1712 979 $aALANDI$b90$c20010319$lUSA01$h1736 979 $aALANDI$b90$c20010319$lUSA01$h1736 979 $c20020403$lUSA01$h1623 979 $aSIAV6$b10$c20031013$lUSA01$h0948 979 $aPATRY$b90$c20040406$lUSA01$h1612 996 $aLogic, programming and Prolog$91492391 997 $aUNISA LEADER 01181nam a22003131i 4500 001 991004213479707536 005 20031009082857.0 008 031111s1959 uika||||||||||||||||eng 035 $ab12546136-39ule_inst 035 $aARCHE-057940$9ExL 040 $aDip.to Lingue$bita$cA.t.i. Arché s.c.r.l. Pandora Sicilia s.r.l. 082 04$a192 100 1 $aLucas, Frank Laurence$0168553 245 14$aThe art of living :$bfour eighteenth-century minds : Hume, Horace Walpole, Burke, Benjamin Franklin /$cF. L. Lucas 260 $aLondon :$bCassell,$c1959 300 $aXV, 285 p. :$bill. ;$c23 cm 600 14$aHume, David 600 14$aWalpole, Horace 600 14$aBurke, Edmund 600 14$aFranklin, Benjamin 650 4$aLetteratura inglese$xStoria$ySec. 18. 650 4$aFilosofia inglese$ySec. 18. 651 4$aGran Bretagna$xVita intellettuale$ySec. 18. 907 $a.b12546136$b02-04-14$c13-11-03 912 $a991004213479707536 945 $aLE012 Ist 3/4 LU 2$g1$i2012000231627$lle012$o-$pE0.00$q-$rl$s- $t0$u0$v0$w0$x0$y.i12995423$z13-11-03 996 $aArt of living$9172216 997 $aUNISALENTO 998 $ale012$b13-11-03$cm$da $e-$feng$guik$h4$i1